00546nam a2200169Ia 4500003000900000008004100009040001600050080002700066110003300093245010600126260005000232300000900282500001900291650002700310650001800337650002100355IN-BaIIA211028s9999 xx 000 0 eng d cIIA Library a083.7:684.462.044bISI aIndian Standards Institution 0aIndian standard specification for metal shelving racksbadjustable typecIndian Standards Institution aNew DelhibIndian Standards Institutionc1967 a11p. aIS : 1883-1966 a Metal Shelving Racks a Standards  aNASA Thesaurus